000 00708nam a2200217Ii 4500
003 JO-AjNU
008 230605s9999||||xx |||||||||||||| ||und||
017 _a2007/7/2021
040 _aJO-AjNU
_bara
_erda
_cJO-AjNU
041 _aara
050 1 4 _aPJ7842.H35 H86 2007
100 3 _aالخطيب، أحمد,
_eauthor
_952733
245 0 0 _aحمى في جسد البحر
250 _aالطبعة العربية
264 3 1 _aعمان: منشورات أمانة عمان الكبرى، 2007
300 _a191ص
336 _atext
_btxt
_2rdacontent
337 _aunmediated
_bn
_2rdamedia
338 _avolume
_bnc
_2rdacarrier
650 4 _aالشعر العربي - الاردن - القرن 21
_952734
999 _aA23377
_c26945
_d26945